Controlling - metoda úspěšného podnikání Příručka pro tvorbu systému řízení zisku. V českém a německém jazyce
Salvato in:
| Autore principale: | |
|---|---|
| Altri autori: | , |
| Natura: | Libro |
| Lingua: | ceco tedesco |
| Pubblicazione: |
Praha
Průmysl a obchod
1992
|
| Edizione: | 1. vyd. |
| Soggetti: | |
| Tags: |
Nessun Tag, puoi essere il primo ad aggiungerne!!
|
MARC
| LEADER | 00000nam a2200000 4500 | ||
|---|---|---|---|
| 001 | c001915 | ||
| 005 | 20221206083012.1 | ||
| 020 | |a 80-85603-20-9 | ||
| 041 | 0 | |a cze | |
| 041 | 0 | |a ger | |
| 044 | |a CZ | ||
| 245 | 1 | 0 | |a Controlling - metoda úspěšného podnikání |b Příručka pro tvorbu systému řízení zisku. V českém a německém jazyce |c Rudolf Mann, Elmar Mayer ; [Z něm. prel.] Antonín Brčák |
| 250 | |a 1. vyd. | ||
| 264 | 1 | |a Praha |b Průmysl a obchod |c 1992 | |
| 300 | |a 358 s. | ||
| 610 | 2 | 0 | |a kontroling |
| 610 | 2 | 0 | |a podnikanie |
| 610 | 2 | 0 | |a účtovníctvo |
| 610 | 2 | 0 | |a náklady |
| 610 | 2 | 0 | |a rentabilita |
| 610 | 2 | 0 | |a likvidita |
| 610 | 2 | 0 | |a ceny |
| 610 | 2 | 0 | |a plánovanie |
| 610 | 2 | 0 | |a výnosy podnikové |
| 610 | 2 | 0 | |a kalkulácia |
| 610 | 2 | 0 | |a zisk |
| 100 | 1 | |a Mann, Rudolf | |
| 700 | 1 | |a Mayer, Elmar | |
| 700 | 1 | |a Brčák, Antonín | |